O Trabalho decente no mundo contemporńeo e a reforma trabalhista em homenagem a Ricardo Tadeu Marques da Fonseca /

Bibliographic Details
Main Author: Martins Cšar, Joô Batista
Other Authors: Dantas Oliva, Jos ̌Roberto
Format: eBook
Language:Portuguese
Published: San Pablo: LTR, 2020
Subjects:
Online Access:Acceso restringido

MARC

LEADER 00000nam a22000007a 4500
005 20220307121651.0
007 cr|||| ||||
008 220307s2020 br |||||s|||| 00||0 por d
020 |a 978-65-5883-007-8 
035 |a 36112 
040 |a vLex 
090 |c 13046  |d 13046 
100 1 |a Martins Cšar, Joô Batista 
245 1 1 |a O Trabalho decente no mundo contemporńeo e a reforma trabalhista  |h [Recurso electrn̤ico] :  |b em homenagem a Ricardo Tadeu Marques da Fonseca /  |c Joô Batista Martins Cšar, Jos ̌Roberto Dantas Oliva 
256 |a Servicio en ln̕ea 
260 |a San Pablo:  |b LTR,  |c 2020 
300 |a 1 recurso electrn̤ico 
506 1 |a Disponible solo en los productos indicados  |d vLex Global  |d vLex Global (Academic Edition, excluding Law Schools)  |d vLex Global (U.S. Academic Edition, Law Schools)  |d vLex Global (U.S. Academic Edition, excluding Law Schools)  |d vLex Global (Academic Edition, Law Schools) 
650 0 4 |a Derecho Laboral y Seguridad Social  |z Brasil 
700 1 |a Dantas Oliva, Jos ̌Roberto 
740 0 |a vLex Libros (Servicio en ln̕ea) 
856 4 0 |u https://app.vlex.com/#/sources/36112  |z Acceso restringido 
942 |c BOOK 
999 0 |a Labor law and social security